000 00342 a2200157 4500
001 192064
020 _a978-85-305-0498-4
040 _cMagnum
100 _aAguiar, Luiz Antonio
240 1 0 _aAssim tudo começou
_lpor
245 1 0 _aAssim tudo começou
300 _a109
362 0 _a2005
697 _aLITERATURA JUVENIL
942 _cBK
999 _c192064
_d192064